LEADER 01138nam a2200265 i 4500 001 000000079126 003 CaOOAMICUS 005 20161103000000.0 008 161103s1967 it u000 u ita u 013 $a51363 040 $aSeMil$bita 100 1 $aTruhlar, Karel Vladimir,$c.$0(OLS)http://semarc/name/941 240 10$aTeilhard und Soloviev. Dichtung und religiöse erfahrung.$0(OLS)http://semarc/title/127205 245 10$aTeilhard e Soloviev /$cKarl Vladimir Truhlar. 260 $aRoma :$bPaoline,$ccopyr. 1967. 300 $a136 p. ;$c18 cm. 490 0 $aUniversa ;$v32 600 14$aTeilhard de Chardin, Pierre .$0(OLS)http://semarc/subject/2657 600 14$aSolov'ëv, Vladimir Sergeevi? <1853-1900>.$0(OLS)http://semarc/subject/11050 830 0$aUniversa ;$v32.$0(OLS)http://semarc/title/11859 850 $aSeMil 852 $aSeMil$W1$xVenegono$y1$m2K VII 63$j44884$B44884$CSeMilBibl$Z2$F46722 $81 961 $aRecupero: Seminario di Seveso 996 $6245$aTeilhard e Soloviev$9(OLS)http://semarc/title/127204 996 $6260$aRoma :$bPaoline$9(OLS)http://semarc/publisher/29686 LEADER 01405nam a2200325 i 4500 001 000000114608 003 CaOOAMICUS 005 20240405163155.0 008 050524s1993 it u000 u ita u 013 $a87295 020 $a88-06-12941-4 040 $aSeMil$bita 100 1 $aLomazzo, Giovan Paolo,$d<1538-1592>.$0(OLS)http://semarc/name/47902 240 00$aBibbia. Nuovo Testamento. Vangelo secondo Marco.$0(OLS)http://semarc/title/457930 245 10$aRabisch /$cGiovan Paolo Lomazzo e i Facchini della Val di Blenio ; testo critico e commento di Dante Isella. 260 $aTorino :$bGiulio Einaudi,$ccopyr. 1993. 300 $aLXVIII, 400 p., [4] p. di tav. ;$c18 cm. 490 0 $aNuova universale Einaudi ;$v212 500 $aFondo Card. C.M. Martini. 700 1 $aIsella, Dante ,$d<1922-2007>.$0(OLS)http://semarc/name/1198 700 1 $aFacchini della Val di Blenio.$0(OLS)http://semarc/name/47903 830 0$aNuova universale Einaudi ;$v212.$0(OLS)http://semarc/title/6901 850 $aSeMil 852 $aSeMil$W1$xVenegono$y1$m1C I 138$j70164$B70164$CSeMilBibl$Z2$F98106 $81 941 1 $a4 961 $aOmaggio: Martini Card. Carlo Maria 996 $6020$a88-06-12941-4$9(OLS)http://semarc/number/97997 996 $6245$aRabisch$9(OLS)http://semarc/title/167574 996 $6260$aTorino :$bGiulio Einaudi$9(OLS)http://semarc/publisher/29810